Statistics for Countries with nuclear power

Click here to take the quiz!

General Stats

  • This quiz has been taken 198 times
  • The average score is 25 of 33

Answer Stats

Net Capacity (GW)ReactorsCountry% Correct
99.299USA
100%
63.158France
98%
8.915UK
97%
26.831China
96%
40.343Japan
96%
25.435Russia
96%
13.519Canada
94%
21.724South Korea
94%
7.17Spain
93%
10.88Germany
92%
1.92Brazil
91%
1.42Mexico
91%
9.610Sweden
91%
5.821India
89%
13.115Ukraine
87%
2.84Finland
82%
1.63Argentina
81%
0.91Iran
81%
5.97Belgium
75%
0.51Netherlands
75%
0.73Pakistan
75%
3.35Switzerland
65%
1.92South Africa
64%
2.22Belarus
63%
3.96Czech Republic
63%
1.32Romania
61%
1.94Hungary
59%
1.92Bulgaria
55%
1.84Slovakia
53%
5.16Taiwan
52%
5.44UAE
51%
0.71Slovenia
47%
0.41Armenia
18%

Score Distribution

Percentile by Number Answered

Percent of People with Each Score

Your Score History

You have not taken this quiz